| 000 | 01336nam a2200313Ia 4500 | ||
|---|---|---|---|
| 001 | ebr10167452 | ||
| 003 | CaPaEBR | ||
| 006 | m u | ||
| 007 | cr cn||||||||| | ||
| 008 | 060503s2006 nyu sb 001 0 eng d | ||
| 010 | _z 2006042961 | ||
| 020 | _z1403972826 (alk. paper) | ||
| 040 |
_aCaPaEBR _cCaPaEBR |
||
| 035 | _a(OCoLC)191662034 | ||
| 050 | 1 | 4 |
_aPN2592 _b.L54 2006eb |
| 082 | 0 | 4 |
_a792.0941/09032 _222 |
| 245 | 0 | 0 |
_aLocalizing Caroline drama _h[electronic resource] : _bpolitics and economics of the early modern stage, 1625-1642 / _cedited by Adam Zucker and Alan B. Farmer. |
| 260 |
_aNew York : _bPalgrave Macmillan, _c2006. |
||
| 300 | _a259 p. | ||
| 504 | _aIncludes bibliographical references and index. | ||
| 533 |
_aElectronic reproduction. _bPalo Alto, Calif. : _cebrary, _d2007. _nAvailable via World Wide Web. _nAccess may be limited to ebrary affiliated libraries. |
||
| 650 | 0 |
_aTheater _xEconomic aspects _zGreat Britain _xHistory _y17th century. |
|
| 650 | 0 |
_aTheater _xPolitical aspects _zGreat Britain _xHistory _y17th century. |
|
| 655 | 7 |
_aElectronic books. _2local |
|
| 700 | 1 |
_aZucker, Adam, _d1972- |
|
| 700 | 1 | _aFarmer, Alan B. | |
| 710 | 2 | _aebrary, Inc. | |
| 856 | 4 | 0 |
_uhttp://site.ebrary.com/lib/rucke/Doc?id=10167452 _zAn electronic book accessible through the World Wide Web; click to view |
| 999 |
_c136516 _d136516 |
||